[Event "Championnat fermé de l'Outouais"]
[Site "Gatineau"]
[Date "2017.04.18"]
[Round "1"]
[White "Akrib, Fouad"]
[Black "Jobin, Gilles G."]
[Result "1-0"]
[BlackElo "1861"]
[WhiteElo "1933"]

1.e4 d6 2.d4 e5 3.Nf3 Nd7 4.Bc4 h6 5.dxe5 Nb6 6.Bb3 Qe7 7.Bf4 Bg4 8.Qd4 Bxf3
9.gxf3 O-O-O 10.exd6 Qh4 11.Bg3 Qh5 12.Nd2 cxd6 13.a4 Ne7 14.Qc3+ Nc6 15.a5
Nd7 16.a6 Nc5 17.axb7+ Kxb7 18.Bd5 Rc8 19.b4 Be7 1-0

[Event "Championnat fermé de l'Outouais"]
[Site "Gatineau"]
[Date "2017.04.18"]
[Round "1"]
[White "Guimond, Michel"]
[Black "Solunac, Sasha"]
[Result "1/2-1/2"]
[BlackElo "1946"]
[WhiteElo "1883"]

1.e4 e6 2.d4 d5 3.e5 c5 4.c3 Nc6 5.Nf3 Bd7 6.Be2 Nge7 7.Be3 Nf5 8.Qd2 cxd4
9.Bxd4 Nfxd4 10.cxd4 Qb6 11.O-O Be7 12.Nc3 Rc8 13.Rab1 Na5 14.b3 Bb4 15.Rfc1
Qc6 16.Bb5 Bxc3 17.Bxc6 Bxd2 18.Bxd7+ Kxd7 19.Nxd2 Rc6 20.Rxc6 Nxc6 21.Nf3
Rc8 22.Kf1 Nb4 23.a3 Nc2 24.a4 h6 25.Ke2 Rc6 26.Kd2 Nb4 27.Ne1 Kc7 28.Rc1 Kb6
29.Rc3 Rxc3 30.Kxc3 Ka5 31.g4 b5 32.axb5 Kxb5 33.f4 g6 34.Ng2 Nc6 35.Ne3 Ne7
36.Nf1 a5 37.Ng3 Kc6 38.h4 h5 39.gxh5 gxh5 40.Nxh5 Nf5 41.Kd3 Nxh4 42.Ng3 Kb5
43.Kc3 Kc6 44.Kd3 Kd7 45.Kc3 Ke8 46.Kb2 Nf3 47.Kc3 Nh4 48.b4 axb4+ 49.Kxb4
Kf8 50.Kc5 Kg7 51.Kd6 Kg6 52.Ke7 Nf3 53.Ne2 Nh4 54.Ng3 1/2-1/2

[Event "Championnat fermé de l'Outouais"]
[Site "Gatineau"]
[Date "2017.04.18"]
[Round "1"]
[White "Thibault, Mario"]
[Black "Scantland, Patrick"]
[Result "1/2-1/2"]
[BlackElo "1802"]
[WhiteElo "1740"]

1.e4 c5 2.Nc3 Nc6 3.f4 g6 4.Bb5 Nd4 5.Nf3 Bg7 6.O-O e6 7.d3 Ne7 8.Nxd4 cxd4
9.Ne2 O-O 10.Ba4 a6 11.Bb3 b5 12.Bd2 Qb6 13.Qe1 Nc6 14.f5 a5 15.a4 b4 16.fxg6
hxg6 17.Qh4 Qc5 18.Ng3 Qe7 19.Bg5 f6 20.Bh6 Bb7 21.Bxg7 Qxg7 22.Rf2 Ne5
23.Ne2 g5 24.Qg3 Nc6 25.Raf1 Qg6 26.Qc7 Bc8 27.Bxe6+ dxe6 28.Qxc6 Ra6 29.Qc4
Kg7 30.Nxd4 Qe8 31.Qc7+ Rf7 32.Qg3 e5 33.Nf5+ Bxf5 34.Rxf5 Qxa4 35.b3 Qc6
36.R1f2 Kf8 37.Qg4 a4 38.bxa4 Rxa4 39.h3 Ra2 40.Qd1 Qc5 41.Kh2 b3 42.Qf3 Qa3
43.cxb3 Rxf2 44.Qxf2 Qd6 45.b4 Kg7 46.Qd2 Rb7 47.Kg3 Rxb4 48.Rf3 Rxe4 49.Qa5
Rd4 50.Qa7+ Kg6 51.Kf2 Rxd3 52.Rxd3 Qxd3 53.Qa8 Qd2+ 54.Kf1 Qf4+ 55.Ke2 Qc4+
56.Kf2 Qf4+ 57.Ke2 Qc4+ 58.Kf2 Qe6 59.Ke2 e4 60.g4 Qc4+ 61.Ke1 Qc3+ 62.Kd1
Qf3+ 63.Kc1 Qc3+ 64.Kd1 Qd3+ 65.Kc1 Qc4+ 66.Kd1 e3 67.Qe8+ Qf7 68.Qxf7+ Kxf7
69.Ke2 Ke6 70.Kxe3 Ke5 71.Kf3 Kd4 72.Kg3 Ke3 73.h4 gxh4+ 74.Kxh4 1/2-1/2

[Event "Championnat fermé de l'Outouais"]
[Site "Gatineau"]
[Date "2017.04.25"]
[Round "2"]
[White "Jobin, Gilles G."]
[Black "Guimond, Michel"]
[Result "1-0"]
[BlackElo "1883"]
[WhiteElo "1861"]

1.e4 e6 2.b3 d5 3.Bb2 d4 4.Nf3 c5 5.Bb5+ Bd7 6.Bxd7+ Nxd7 7.d3 Ne7 8.Nbd2 Ng6
9.g3 Qc7 10.Qe2 Qa5 11.O-O h5 12.h4 Be7 13.e5 Qc7 $5 ( 13...Ndxe5 14.Nxe5
Nxe5 15.Qxe5 Qxd2 16.Qxg7 $10 Rf8 17.Bc1 Qxc2 18.Qh7 ) 14.Rfe1 a5 15.a4 Nb6
16.Nc4 Nd5 17.Qe4 Bf8 18.Ng5 O-O-O 19.Nxe6 fxe6 20.Qxg6 Rh6 21.Qe4 Qf7 22.Bc1
Rg6 23.Bg5 Rd7 24.Qe2 Rxg5 25.hxg5 h4 26.Qg4 hxg3 27.Qxg3 Qf5 28.Re4 g6 ( 
28...Rf7 29.g6 Rd7 30.Kg2 ) 29.Nb6+ Nxb6 ( 29...Kc7 30.Nxd5+ Rxd5 31.Rf4 Qxe5
32.Rxf8 ) 30.Rf4 Rf7 31.Rxf5 Rxf5 32.f4 Nd5 33.Rf1 Bg7 34.Qh4 Ne7 35.Qe1 Nd5
$2 36.Qxa5 Nxf4 37.Qxc5+ Kb8 38.Qd6+ Ka8 39.Qd8+ Ka7 40.Qxd4+ Ka6 41.Rxf4
Rxe5 42.Qc4+ Ka7 43.Rf7 Rxg5+ 44.Kf2 Bb2 45.Qb4 1-0

[Event "Championnat fermé de l'Outouais"]
[Site "Gatineau"]
[Date "2017.04.25"]
[Round "2"]
[White "Thibault, Mario"]
[Black "Desjardins, Michel"]
[Result "1/2-1/2"]
[BlackElo "1923"]
[WhiteElo "1740"]

1.e4 d5 2.exd5 Qxd5 3.Nc3 Qd6 4.d4 Nf6 5.Nf3 g6 6.Ne5 Bg7 7.Bc4 O-O 8.Bf4 Nh5
9.Qd2 Nxf4 10.Qxf4 e6 11.O-O-O a6 12.Ne4 Qe7 13.h4 b5 14.Be2 Bb7 15.h5 Nc6
16.hxg6 hxg6 17.Qh2 Rfd8 18.Qh7+ Kf8 19.Nxg6+ fxg6 20.Qxg6 Nxd4 21.Bd3 c5 $2
22.Ng5 $1 c4 23.Rh4 ( { Mario a raté un mat en 4 : } 23.Nh7+ Kg8 24.Nf6+ Qxf6
25.Rh8+ Kxh8 26.Qh7# ) 23...cxd3 24.Rdh1 $2 ( 24.Rf4+ Nf5 25.Nxe6+ Kg8 26.Rh1
$18 d2+ 27.Kd1 { et les menaces blanches sont trop nombreuses. } ) 24...d2+
$2 ( 24...Qc7 $1 { et les Blancs devront se contenter de la perpétuelle. }
25.Nh7+ Kg8 26.Nf6+ Kf8 27.Nh7+ ) 25.Kd1 Qc7 26.Rh8+ $2 ( 26.Rxd4 $1
{ gagne immédiatement. } ) 26...Bxh8 27.Rxh8+ Ke7 28.Rh7+ Kd6 29.Rxc7 Kxc7
30.Qg7+ $2 $18 ( 30.c3 $1 Rg8 31.Qf6 Rxg5 32.Qxg5 Nf5 33.Kxd2
{ et Stockfish juge cette position quasi égale. } ) 30...Kb6 31.Nf7 Rd7
32.Qe5 Bxg2 33.Ng5 Bf1 34.Qe3 Kc6 35.Qc3+ Kb7 36.Ne4 Rd5 37.Nc5+ Kb6 38.Nd3
Ra7 39.Qc8 Bxd3 40.cxd3 Rc7 41.Qb8+ Kc6 42.Qe8+ Rdd7 43.Kxd2 Kd5 44.Qh5+ e5
45.Qh1+ Kc5 46.Qe4 Rd5 47.a3 Kb6 48.Qxd5 Rc2+ 49.Kd1 Rxb2 50.Qd6+ Nc6
1/2-1/2

[Event "Championnat fermé de l'Outouais"]
[Site "Gatineau"]
[Date "2017.04.25"]
[Round "2"]
[White "Gagnon, Fabien"]
[Black "Akrib, Fouad"]
[Result "1-0"]
[BlackElo "1933"]
[WhiteElo "1901"]

1.c4 f5 2.Nc3 Nf6 3.Nf3 g6 4.g3 Bg7 5.Bg2 O-O 6.O-O d6 7.d4 Nc6 8.d5 Na5
9.Qd3 c5 10.Nd2 Ng4 11.e3 Rb8 12.a4 Qb6 13.Re1 Ne5 14.Qe2 Qb4 15.Bf1 a6 16.h3
g5 17.f4 gxf4 18.exf4 Ng6 19.Ra3 Bd7 20.Na2 Qb6 21.Nf3 Rbe8 22.Ng5 e5 23.dxe6
h6 24.Qh5 Nxf4 25.gxf4 hxg5 26.Qxg5 Bxe6 27.Rg3 Qc7 28.Bd2 Nc6 29.Nc3 Qf7
30.b3 Kh7 31.Bg2 Bh6 32.Qh4 Nd4 33.Ne2 Nc2 34.Rc1 Bc8 35.Nc3 Nd4 36.Rb1 Rg8
37.Be3 Rxg3 38.Qxg3 Rg8 39.Qf2 Qg7 40.Kh1 Ne6 41.Nd5 Qg3 42.Nf6+ Kh8 43.Nxg8
Qxg8 44.Bd5 Qe8 45.Rg1 Ng7 46.Bc1 b6 47.Bb2 Be6 48.Qg2 Bxd5 49.cxd5 Qf7
50.Re1 Kh7 51.Bxg7 Bxg7 52.Re6 b5 53.axb5 axb5 54.Qe2 c4 55.bxc4 bxc4 56.Qxc4
Qa7 57.Qd3 Qa4 58.Qxf5+ Kg8 59.Re1 Qb5 60.Qe6+ Kh7 61.Qe4+ Kh6 62.Rg1 1-0

[Event "Championnat fermé de l'Outouais"]
[Site "Gatineau"]
[Date "2017.04.25"]
[Round "2"]
[White "Scantland, Patrick"]
[Black "Solunac, Sasha"]
[Result "1-0"]
[BlackElo "1946"]
[WhiteElo "1802"]

1.Nf3 Nf6 2.d4 e6 3.c4 Bb4+ 4.Nc3 b6 5.g3 Bb7 6.Bg2 O-O 7.O-O d5 8.cxd5 Nxd5
9.Qc2 Re8 10.e4 Nf6 11.Bg5 Be7 12.Bxf6 Bxf6 13.e5 Be7 14.Ng5 Bxg5 15.Bxb7 Nd7
16.Bxa8 Qxa8 17.Qe4 c5 18.Qxa8 Rxa8 19.Ne4 Be7 20.dxc5 Bxc5 21.Nxc5 Nxc5
22.Rfd1 Kf8 23.Rac1 a5 24.Rd4 Ke7 25.f4 h5 26.Kf2 Rh8 27.h4 g6 28.Ke3 Rd8
29.Rxd8 Kxd8 30.Kd4 Kd7 31.Rxc5 1-0

[Event "Championnat fermé de l'Outouais"]
[Site "Gatineau"]
[Date "2017.05.02"]
[Round "3"]
[White "Guimond, Michel"]
[Black "Gagnon, Fabien"]
[Result "1-0"]
[BlackElo "1901"]
[WhiteElo "1883"]

1.e4 e6 2.d4 d5 3.e5 c5 4.c3 Bd7 5.Nf3 Nc6 6.Bd3 Qb6 7.O-O cxd4 8.cxd4 Nxd4
9.Nxd4 Qxd4 10.Nc3 a6 11.Re1 Nh6 12.Be3 Qh4 13.g3 Qd8 14.Bxh6 gxh6 15.h4 $1
{ permet Dh5 sans que les noirs jouent Dg5 } 15...Bc6
{ évite des variantes comme Dh5 suivi de Cxd5 et e6 } 16.Qh5 Qe7 ( 16...Qd7
17.Rac1 O-O-O 18.a3 Kb8 19.b4 Be7 20.Ne2 d4 21.Nf4 Rdf8 { = } ) 17.Rac1 O-O-O
{ Optimiste mais la variante } ( 17...Bg7 { fait peur } 18.Bb1 O-O 19.Qe2 f6
20.exf6 Rxf6 21.Qd3 { mais } 21...Bf8
{ un coup difficile à prévoir, sauve la mise. } ( 21...Bh8 22.Nxd5 Bxd5
23.Qxd5 exd5 24.Rxe7 ) ) 18.a3 Kb8 19.b4 Qd7 20.Rc2 Be7 21.Rec1 f5 $2
{ L'erreur qui a raison des noirs, alors que } ( 21...f6
{ garde la position jouable. } 22.exf6 Bxf6 23.Qxh6 Bg7 ) 22.Ne2 $1
{ coup inattendu; la situation est difficile même pour une machine. } 22...d4
{ avec moins de 5 minutes au cadran } 23.Nf4 ( { ici les blancs ratent }
23.Rxc6 bxc6 24.Nf4 Ka7 25.Qxh6 ) 23...Bd5
{ évite la variante Txc6, mais le remède est pire } ( { seul } 23...Ba4
{ est moins pire } 24.Rc7 Rc8 25.Rxd7 Rxc1+ 26.Kg2 Bxd7 27.Qf7 Bc6+ 28.f3 Bd8
) 24.Rc7 Qe8 25.Qxh6 { game over } 25...Qf8 $1
{ la machine le classe comme le meilleur coup ! Maigre consolation n'est ce
pas ? } ( 25...Bf8 26.Qf6 Rg8 27.Nxd5 Rxd5 28.Rc8+ ) 26.Qxf8 Bxf8 27.Nxd5
Rxd5 28.Rf7 Rxe5 29.Rcc7 Bd6 30.Rxb7+ Kc8
{ la pression de temps est terminée, mais le reste est sans issue. } 31.Bxa6
Bb8 32.Rb6+ 1-0

[Event "Championnat fermé de l'Outouais"]
[Site "Gatineau"]
[Date "2017.05.02"]
[Round "3"]
[White "Solunac, Sasha"]
[Black "Jobin, Gilles G."]
[Result "1-0"]
[BlackElo "1861"]
[WhiteElo "1946"]

1.d4 d6 2.e4 Nf6 3.Nc3 e5 4.Nf3 Nbd7 5.Bc4 Be7 6.O-O O-O 7.h3 c6 8.a4 a5
9.Be3 h6 ( 9...Nxe4 10.Nxe4 d5 11.Nxe5 Nxe5 12.dxe5 dxc4 13.Nd6 ) 10.Qd2 exd4
11.Nxd4 Nc5 12.f3 Nh7 13.Rad1 Be6 14.Nxe6 Nxe6 15.f4 Nf6 16.Qe2 Qc7 17.Qf3
Rad8 18.Qf2 Rd7 ( 18...Nd7 ) 19.Bb6 Qb8 20.Bxe6 ( 20.Bxa5 $2 d5 $18 )
20...fxe6 21.Bxa5 b6 $4
{ J'ai jamais vu que a5 pouvait protéger le Fou... Aie aie aie. } ( 21...Nh5
22.Ne2 e5 $14 ) 22.Bxb6 Bd8 23.Bxd8 Rfxd8 24.b3 Qb4 25.Qd4 Qxd4+ 26.Rxd4 e5
27.fxe5 dxe5 28.Rxd7 Rxd7 29.Rf2 Rd4 30.Re2 Kf7 31.Kf2 Ke6 32.Ke3 Kd6 33.Rd2
Kc5 34.a5 Ne8 35.Na4+ Kb5 36.Rxd4 exd4+ 37.Kxd4 1-0

[Event "Championnat fermé de l'Outouais"]
[Site "Gatineau"]
[Date "2017.05.02"]
[Round "3"]
[White "Akrib, Fouad"]
[Black "Thibault, Mario"]
[Result "0-1"]
[BlackElo "1740"]
[WhiteElo "1933"]

1.e4 c5 2.Nf3 g6 3.c3 Bg7 4.d4 cxd4 5.cxd4 d5 6.e5 Bg4 7.Nbd2 e6 8.h3 Bxf3
9.Nxf3 Ne7 10.h4 Nbc6 11.Bd3 Nf5 12.Bxf5 gxf5 13.a3 f6 14.exf6 Qxf6 15.Bg5
Qf7 16.g3 O-O 17.b4 e5 18.b5 Nxd4 19.Nxd4 exd4 20.O-O Rfe8 21.Qd3 Re4 22.Rad1
Rae8 23.Bc1 Qg6 24.Qb3 Rxh4 25.Qxd5+ Kh8 26.Qxb7 Rhe4 27.Rd3 f4 28.Kg2 R4e7
29.Qf3 fxg3 30.Qxg3 Qb6 31.a4 Re6 32.Qh4 Qb7+ 33.Kh2 Re4 34.Qg3 Qf7 35.f4
Qh5+ 36.Qh3 Re2+ 37.Kh1 Qd5+ 38.Qf3 Qd8 39.Qg3 Qd5+ 40.Qf3 Qd8 41.Rg1 R8e6
42.f5 R6e4 43.Rg3 Re1+ 44.Kh2 Rh4+ 45.Kg2 Rxc1 46.Rxg7 Rhh1 47.Qb7 Rhg1+
48.Kf2 Rxg7 49.Qe4 Rc2+ 50.Kf3 Rc3 51.a5 Rxd3+ 52.Qxd3 Qd5+ 53.Kf4 Qd6+ 0-1

[Event "Championnat fermé de l'Outouais"]
[Site "Gatineau"]
[Date "2017.05.02"]
[Round "3"]
[White "Desjardins, Michel"]
[Black "Scantland, Patrick"]
[Result "1-0"]
[BlackElo "1802"]
[WhiteElo "1923"]

1.e4 c5 2.Nf3 d6 3.d4 cxd4 4.Nxd4 Nf6 5.Nc3 a6 6.Bc4 e6 7.a4 Nxe4 8.Nxe4 d5
9.Bd3 dxe4 10.Bxe4 Nd7 11.O-O Nf6 12.Bf3 Bc5 13.Nb3 Be7 14.Bf4 O-O 15.a5 Nd5
16.Bg3 f5 17.Be5 Bf6 18.Qd4 Bxe5 19.Qxe5 Qf6 20.Rfe1 Qxe5 21.Rxe5 Nb4 22.Nd4
Kf7 23.Ra4 Kf6 24.Rc5 ( 24.Bxb7 { est très intéressant ici. } ) 24...Nd5
25.Bxd5 exd5 26.Rxd5 Be6 27.Rd6 Rfe8 28.Rxe6+ Rxe6 29.Nxe6 Kxe6 30.Rd4 Rc8
31.c4 g5 32.f4 g4 33.Kf2 Rc6 34.b4 b6 35.axb6 Rxb6 36.c5 Rc6 37.Rd2 a5
38.bxa5 Rxc5 39.Ra2 Rc7 40.a6 Ra7 41.Ke3 h5 42.g3 Kd5 43.Ra5+ Ke6 44.Kd4 Rd7+
45.Kc5 Rd5+ 46.Kb6 Rd6+ 47.Kb7 Rd7+ 48.Kc8 1-0

[Event "Championnat fermé de l'Outouais"]
[Site "Gatineau"]
[Date "2017.04.28"]
[Round "1"]
[White "Desjardins, Michel"]
[Black "Gagnon, Fabien"]
[Result "1/2-1/2"]
[BlackElo "1901"]
[WhiteElo "1923"]

1.e4 c6 2.d4 d5 3.exd5 cxd5 4.Bd3 Nc6 5.c3 Qc7 6.h3 Nf6 7.Nf3 g6 8.O-O Bg7
9.Re1 Bf5 10.Na3 Bxd3 11.Qxd3 a6 12.Nc2 O-O 13.a3 e6 14.Nb4 Na5 15.Qc2 Rfc8
16.Ne5 Nd7 17.Nxd7 Qxd7 18.Qe2 Nb3 19.Rb1 Nxc1 20.Rbxc1 Bf8 21.Nd3 Bd6 22.h4
h5 23.g3 1/2-1/2

[Event "Championnat fermé de l'Outouais"]
[Site "Gatineau"]
[Date "2017.05.06"]
[Round "7"]
[White "Guimond, Michel"]
[Black "Desjardins, Michel"]
[Result "1-0"]
[BlackElo "1923"]
[WhiteElo "1883"]

1.e4 d5 2.e5 c5 3.d4 cxd4 4.Qxd4 Nc6 5.Bb5 Bf5 6.g4 Bg6 7.h4 h5 8.Bg5 Qd7
9.Qa4 e6 10.Nc3 Be7 11.O-O-O hxg4 12.Nge2 Bc5 13.Nf4 Nge7 14.Bxe7 Bxe7
15.Ncxd5 exd5 16.Nxd5 Rc8 17.Nf6+ gxf6 18.Rxd7 Kxd7 19.Rd1+ Ke8 20.exf6 Bxf6
21.Qxg4 $2 $10 ( 21.Qf4 $1 ) 21...Rd8 22.Bd3 Ne5 23.Re1
{ Les deux joueurs sont en forte pression de temps. } 23...Kf8 24.Qf4 Nxd3+
25.cxd3 Kg7 26.Rh1 Rxd3 $19 27.Qc4 Bf5 $4 28.Rg1+ Kh6 ( 28...Kf8 29.Qc5+ Be7
30.Qxf5 ) ( 28...Bg6 29.Qxd3 Rc8+ 30.Kd2 Rd8 31.Qxd8 Bxd8 32.h5 ) 29.Qf4+
1-0

[Event "Championnat fermé de l'Outouais"]
[Site "Gatineau"]
[Date "2017.05.08"]
[Round "8"]
[White "Guimond, Michel"]
[Black "Scantland, Patrick"]
[Result "1-0"]
[BlackElo "1802"]
[WhiteElo "1883"]

1.e4 c5 2.Nf3 d6 3.d4 cxd4 4.Nxd4 Nf6 5.Nc3 a6 6.Bc4 e6 7.a4 Be7 8.O-O O-O
9.Be3 Nxe4 10.Nxe4 d5 11.Bd3 dxe4 12.Bxe4 Qc7 13.c3 Nd7 14.f4 Nf6 15.Bc2 Bd7
16.Qe2 Rfe8 17.Nf3 Nd5 18.Bd4 Nxf4 19.Qe4 f5 20.Qe5 Qxe5 21.Nxe5 Ne2+ 22.Kh1
Nxd4 23.cxd4 Rad8 24.g4 Bc8 25.gxf5 exf5 26.Bb3+ Kf8 27.d5 Bd6 28.Nc4 Bb8
29.Nb6 Re2 30.Nxc8 Rxh2+ $2 31.Kg1 Rh5 32.Rac1 Be5 33.d6 Bd4+ 34.Kg2 b6
35.Rc7 Rg5+ 36.Kf3 Be5 37.Rf7+ Ke8 38.Re7+ Kf8 39.Rxe5 Rxc8 40.Rfe1 Rh5 41.d7
1-0

[Event "Championnat fermé de l'Outouais"]
[Site "Gatineau"]
[Date "2017.05.09"]
[Round "4"]
[White "Thibault, Mario"]
[Black "Guimond, Michel"]
[Result "1/2-1/2"]
[BlackElo "1883"]
[WhiteElo "1740"]

1.e4 e6 2.d4 d5 3.e5 c5 4.c3 Nc6 5.Nf3 Bd7 6.Bd3 h6 7.O-O Qc7 8.Re1 c4 9.Bc2
g5 10.h3 Nge7 11.b3 O-O-O 12.Na3 Na5 13.b4 Rg8 14.bxa5 Qxa5 15.Rb1 Ng6
16.Nxc4 dxc4 17.Be4 Bc6 18.Bxc6 bxc6 19.Re2 Bc5 20.Reb2 Bb6 21.Qc2 Nh4 22.Nd2
Qd5 23.Qe4 g4 24.Qxd5 exd5 25.g3 gxh3 26.a4 Nf5 27.Nf1 h5 28.Bf4 h4 29.Kh2
hxg3+ 30.fxg3 Rg7 31.Ne3 Nxe3 32.Bxe3 Kd7 33.Rf2 Rdg8 34.Rf3 Ke8 35.Bf2 Rg4
36.a5 Bxa5 1/2-1/2

[Event "Championnat fermé de l'Outouais"]
[Site "Gatineau"]
[Date "2017.05.09"]
[Round "4"]
[White "Gagnon, Fabien"]
[Black "Solunac, Sasha"]
[Result "1/2-1/2"]
[BlackElo "1946"]
[WhiteElo "1901"]

1.e4 e5 2.Nf3 Nc6 3.Bc4 Bc5 4.c3 Nf6 5.d3 d6 6.Bb3 O-O 7.Nbd2 Be6 8.Nf1 Qe7
9.Ng3 Rad8 10.Qe2 Rfe8 11.O-O h6 12.Nh4 Qd7 13.Ngf5 Ne7 14.Nxe7+ Qxe7 15.Bxe6
fxe6 16.Nf3 Rf8 17.Be3 Bb6 18.a4 Qf7 19.a5 Bxe3 20.fxe3 Qh5 21.Rae1 a6
1/2-1/2

[Event "Championnat fermé de l'Outouais"]
[Site "Gatineau"]
[Date "2017.05.09"]
[Round "4"]
[White "Desjardins, Michel"]
[Black "Akrib, Fouad"]
[Result "1-0"]
[BlackElo "1933"]
[WhiteElo "1923"]

1.e4 e5 2.Nf3 Nc6 3.Bb5 a6 4.Ba4 Nf6 5.d3 b5 6.Bb3 Be7 7.O-O d6 8.c3 O-O 9.a4
Bg4 10.Re1 Na5 11.Bc2 c5 12.Nbd2 Nd7 13.h3 Bh5 14.Nf1 f5 15.exf5 Bxf3 16.Qxf3
Qc7 17.Ne3 Nb6 18.axb5 axb5 19.Bd2 Nc6 20.Qe4 Qd7 21.g4 d5 22.Qg2 d4 23.Nf1
c4 24.dxc4 bxc4 25.Be4 Rac8 26.Ra6 Bc5 27.Rea1 Nb8 28.Ra7 Rc7 29.Rxc7 Qxc7
30.Ng3 N8d7 31.g5 Be7 32.h4 Nc5 33.Nh5 Kh8 34.Kh1 Qd7 35.Ng3 Nb3 36.Ra6 Qb5
37.Ra7 Nxd2 38.Rxe7 Qxb2 39.f6 g6 40.Rxh7+ Kxh7 41.Bxg6+ Kxg6 42.h5+ Kf7
43.Qb7+ Ke6 44.Qc6+ Kf7 45.g6+ Kg8 46.Qe6+ Kh8 47.g7+ Kh7 48.gxf8=N+ Kh6
49.f7+ Kg7 50.h6+ 1-0

[Event "Championnat fermé de l'Outouais"]
[Site "Gatineau"]
[Date "2017.05.09"]
[Round "4"]
[White "Scantland, Patrick"]
[Black "Jobin, Gilles G."]
[Result "1-0"]
[BlackElo "1861"]
[WhiteElo "1802"]

1.d4 d6 2.Nf3 Bg4 3.e3 Nf6 4.c4 Nbd7 5.Nc3 e5 6.Be2 c6 7.e4 Bxf3 8.Bxf3 exd4
9.Qxd4 Ne5 10.Be2 Be7 11.O-O Qc7 12.Bf4 O-O 13.Rac1 Rfd8 14.b4 Ng6 15.Bg3 Ne8
16.Rfd1 Bf6 17.Qe3 Qe7 18.a3 Bh4 19.Rd2 Bxg3 20.Qxg3 Nf6 21.Qe3 Qe5 22.g3 Qe7
23.Rcd1 a5 24.b5 Ne5 25.f4 Ng6 26.Bf3 Ne8 27.Rd3 Rac8 28.b6 Qe6 $4
{ en pression de temps. } 29.f5 Qxc4 30.fxg6 hxg6 31.e5 Qe6 32.exd6 Qxe3+
33.Rxe3 Nf6 34.Ne4 Nd5 35.Red3 Nxb6 36.Nc5 Nc4 37.d7 Rb8 38.Re1 Nb6 39.Rd4
Kf8 40.Rb1 Nd5 41.Bxd5 cxd5 42.Rxd5 Ke7 43.Re1+ Kf8 44.Rde5 b6 45.Re8+ Rxe8
1-0

[Event "Championnat fermé de l'Outouais"]
[Site "Gatineau"]
[Date "2017.05.16"]
[Round "5"]
[White "Akrib, Fouad"]
[Black "Guimond, Michel"]
[Result "1-0"]
[BlackElo "1883"]
[WhiteElo "1933"]

1.e4 e6 2.d4 d5 3.Nd2 Nf6 4.e5 Nfd7 5.f4 c5 6.Ndf3 Nc6 7.c3 Qb6 8.g3 cxd4
9.cxd4 Bb4+ 10.Kf2 f6 11.Kg2 O-O 12.Bd3 h6 13.Ne2 fxe5 14.fxe5 Rxf3 15.Kxf3
Kh8 16.Bc2 Ndxe5+ 17.dxe5 Nxe5+ 18.Kg2 Bd7 19.Qd4 Qc7 20.Bf4 Qxc2 21.Qxe5 Bd6
22.Qh5 $4 ( 22.Qxd6 $18 Qxe2+ 23.Kg1 Qxb2 24.Be5 ) 22...e5 23.Bxh6 $4 Qe4+
$19 24.Kg1 Kg8 $6 ( 24...Bg4 $1 { gagne. } ) 25.h3 gxh6 $2 ( 25...g6 $3
{ gagne rapidement. } 26.Qg5 Bc5+ ) 26.Rf1 d4 $4
{ et ce sont maintenant les Blancs qui ont le gain. } ( { Avec } 26...Be8
{ les Noirs gardaient un sérieux avantage. } ) 27.Qf7+ Kh8 28.Qxd7 Qxe2
29.Qxd6 Qe3+ 30.Kg2 Qe4+ 31.Rf3 Qe2+ 32.Rf2 Qe3 33.Rf8+ Rxf8 34.Qxf8+ Kh7
35.Qf7+ Kh8 36.Rf1 Qe2+ 37.Rf2 1-0

[Event "Championnat fermé de l'Outouais"]
[Site "Gatineau"]
[Date "2017.05.16"]
[Round "5"]
[White "Desjardins, Michel"]
[Black "Solunac, Sasha"]
[Result "0-1"]
[BlackElo "1946"]
[WhiteElo "1923"]

1.e4 e6 2.d4 d5 3.Nd2 Nf6 4.e5 Nfd7 5.Bd3 c5 6.c3 Nc6 7.Ne2 cxd4 8.cxd4 f6
9.Nf4 Nxd4 10.Qh5+ Ke7 11.Ng6+ hxg6 12.exf6+ Nxf6 13.Qxh8 Kf7 14.O-O e5
15.Nb3 Nxb3 16.axb3 e4 17.Be2 Qb6 18.Bg5 Be6 19.Rfc1 Rd8 20.Qh4 Be7 21.Qg3
Bd6 22.Qh4 Be5 23.Ra2 Qxb3 24.Rxa7 Qxb2 25.Bf1 d4 26.Raa1 Bd5 27.Rab1 Qa3
28.Bc4 Bxc4 29.Rxb7+ Kg8 30.Rxc4 e3 31.Rb1 e2 32.f4 Qe3+ 33.Qf2 ( 33.Kh1 Ne4
$1 ) 33...Qd3 34.Rcc1 Ne4 35.Qh4 Qe3+ 36.Kh1 Nf2+ 37.Qxf2 Qxf2 38.Bxd8 Bxf4
39.Bb6 0-1

[Event "Championnat fermé de l'Outouais"]
[Site "Gatineau"]
[Date "2017.05.16"]
[Round "5"]
[White "Thibault, Mario"]
[Black "Jobin, Gilles G."]
[Result "1/2-1/2"]
[BlackElo "1861"]
[WhiteElo "1740"]

1.e4 d6 2.d4 Nf6 3.Nc3 Nbd7 4.Nf3 e5 5.Bc4 Be7 6.O-O O-O 7.a4 a5 8.h3 h6 9.b3
exd4 10.Qxd4 Ne5 11.Nxe5 dxe5 12.Qe3 c6 13.Rd1 Qc7 14.Bb2 Be6 15.Bd3 Nd7
16.Ne2 f5 $4 17.exf5 Bxf5 $4 18.Ba3 $4 ( 18.Bxf5 Rxf5 19.Qd3
{ gagne une pièce et la partie. C'est cette variante que je n'avais pas vue
en jouant mon 16e coup. } ) 18...Bxa3 19.Rxa3 Bxd3 20.Rxd3 Nf6 21.Ra1 Nd5
22.Qc5 Qf7 23.Rf3 Qg6 24.Rxf8+ Rxf8 25.Qc4 Qf5 1/2-1/2

[Event "Championnat fermé de l'Outouais"]
[Site "Gatineau"]
[Date "2017.05.23"]
[Round "6"]
[White "Akrib, Fouad"]
[Black "Scantland, Patrick"]
[Result "1-0"]
[BlackElo "1802"]
[WhiteElo "1933"]

1.e4 c5 2.Nf3 d6 3.d4 cxd4 4.Nxd4 Nf6 5.Nc3 a6 6.h4 e6 7.g4 e5 8.Nf5 g6 9.Ne3
Be6 10.g5 Nh5 11.Ned5 Nd7 12.Be2 Bxd5 13.Qxd5 Nb6 14.Qxb7 Be7 15.Be3 Nd7
16.Bg4 Rb8 17.Bxd7+ Kf8 18.Qc6 Rxb2 19.Nd5 Nf4 20.Nxf4 exf4 21.Bd4 Qa5+
22.Bc3 Rb4 23.O-O Bxg5 24.Bxb4 Qxb4 25.hxg5 f3 26.Rfd1 Qb2 27.Qxd6+ Kg8
28.Rab1 Qxc2 29.Rb8+ Kg7 30.Qf6# 1-0

[Event "Championnat fermé de l'Outouais"]
[Site "Gatineau"]
[Date "2017.05.23"]
[Round "6"]
[White "Solunac, Sasha"]
[Black "Thibault, Mario"]
[Result "1-0"]
[BlackElo "1740"]
[WhiteElo "1946"]

1.e4 c5 2.Nf3 g6 3.c4 Nc6 4.d4 cxd4 5.Nxd4 Nf6 6.Nc3 d6 7.Be2 Nxd4 8.Qxd4 Bg7
9.Be3 O-O 10.Qd2 a5 11.O-O a4 12.f4 Qa5 13.Rab1 Re8 14.b4 axb3 15.axb3 Qb4
16.f5 Bd7 17.fxg6 hxg6 18.Bd4 $4 Ra5 $2 ( 18...Nxe4 $19 { (Stockfish) }
19.Nxe4 Qxd2 20.Nxd2 Bxd4+ 21.Kh1 Bf5 ) 19.Qe3 Bg4 20.Bxf6 $6 ( 20.Rxf6
$1 $16 Bxe2 21.Rf2 Bxd4 22.Qxd4 Bg4 23.Nd5 ) 20...Bxf6 $2 ( 20...exf6 21.Bxg4
f5 $14 ) 21.Rxf6 $1 exf6 22.Bxg4 f5 23.Be2 Ree5 24.Qd4 Qc5 25.Qxc5 dxc5
26.exf5 Rxf5 27.Bf3 Ra7 28.Nb5 Ra2 29.Nd6 Re5 30.Nxb7 Kg7 31.Bd5 g5 32.Nxc5
Ree2 33.b4 f5 34.h3 Kf6 35.b5 Ke7 36.b6 Rab2 37.Rxb2 Rxb2 38.b7 1-0

[Event "Championnat fermé de l'Outouais"]
[Site "Gatineau"]
[Date "2017.05.30"]
[Round "7"]
[White "Jobin, Gilles G."]
[Black "Desjardins, Michel"]
[Result "0-1"]
[BlackElo "1923"]
[WhiteElo "1861"]

1.d3 e5 2.Nf3 Nc6 3.e4 Nf6 4.Bg5 Be7 5.Be2 h6 6.Bh4 d5 7.exd5 Nxd5 8.Bg3 Bd6
9.Nc3 Nxc3 10.bxc3 O-O 11.Nd2 f5 12.f3 Be6 13.Nb3 a5 14.a4 Qd7 15.Bf2 b6
16.d4 Ne7 17.O-O Qc6 18.Bb5 Qxc3 19.Be1 Qe3+ 20.Bf2 Qg5 21.Qe2 e4 22.fxe4
fxe4 23.Be3 Qh4 24.g3 Qh3 25.Bf2 Kh8 26.Qxe4 Bd5 0-1